Extremely Hard General Knowledge #11 - Statistics

General Stats
  • This quiz has been taken 817 times
  • The average score is 3 of 20
Answer Stats
Hint Answer % Correct
Daniel Ek and Martin Lorentzon founded Spotify in Sweden in which year? 2006
59%
What is the longest river in South Africa? Orange
37%
Which number does the Bingo call 'Winnie the Pooh' represent? 42
33%
The Slavonic Dances are a series of 16 orchestral pieces composed in the 19th century by which Czech composer? Antonin Dvořák
26%
What is the capital of the British overseas territory Bermuda? Hamilton
25%
Which American Basketball player has the birth name Ferdinand Lewis Alcindor Jr.? Kareem Abdul-Jabbar
23%
'A Bear Called Paddington' was the first Paddington Bear book released in 1958 by which author? Michael Bond
20%
Who was the UK Labour leader from 1980-1983? Michael Foot
19%
Which county is the British Grand Prix's Silverstone circuit? Northamptonshire
19%
Who has been nominated for an Oscar 4 times for her roles in such films as 'Brokeback Mountain', 'Blue Valentine' and 'My Week with Marilyn'? Michelle Williams
16%
Sabra is an orange and chocolate liqueur from which country? Israel
11%
Who became the first posthumous Formula One World Champion in 1971? Jochen Rindt
9%
In Norse mythology, which son of Odin, is the god of light and beauty? Baldr
7%
Which ore is the most important source of tin? Cassiterite
3%
What is the medical name of a doctor who specializes in ENT problems? Otorhinolaryngologist
3%
What does the letter I stand for in the ERNIE, the machine that generates premium bond winning numbers? Indicator
2%
Who designed the Whitehouse? James Hoban
2%
Which acclaimed English writer has done biographies about Samuel Pepys, Charles Dickens, and Jane Austen? Claire Tomalin
1%
Who assassinated the Swedish politician Anna Lindh in 2003? Mijailo Mijailović
1%
Who was the captain of the Essex County Cricket club who were Division 1 Champions in 2019? Tom Westley
1%
No matching quizzes found
Score Distribution
Percent of People with Each Score
Percentile by Number Answered
Your Score History
You have not taken this quiz